[Event "Auckland North Shore op 41st"]
[Site "Auckland"]
[Date "2014.09.06"]
[Round "3"]
[White "McCrone, Jeffrey"]
[Black "Johns, Daniel"]
[Result "1/2-1/2"]
[WhiteElo "2069"]
[BlackElo "1892"]
[PlyCount "66"]
[EventDate "2014.09.06"]
[EventType "swiss"]
[EventRounds "5"]
[EventCountry "NZL"]
[SourceTitle "CBM 162 Extra"]
[Source "ChessBase"]
[SourceDate "2014.10.17"]
[SourceVersion "1"]
[SourceVersionDate "2014.10.17"]
[SourceQuality "1"]

1. Nf3 d5 2. d4 Nf6 3. Bf4 e6 4. e3 c5 5. c3 Nc6 6. Be2 cxd4 7. exd4 Bd6 8. Bg3 Ne4 9. Nbd2 Nxd2 10. Qxd2 Qc7 11. Qg5 0-0 12. Bd3 Bxg3 13. Bxh7+ Kxh7 14. hxg3+ Kg8 15. Rh8+ Kxh8 16. Qh5+ Kg8 17. Ng5 Rd8 18. Qh7+ Kf8 19. 0-0-0 Ne7 20. Qh8+ Ng8 21. Nh7+ Ke7 22. Qxg7 Kd6 23. Ng5 f6 24. Nf7+ Kc6 25. Nxd8+ Qxd8 26. Rh1 Bd7 27. Rh8 Qf8 28. Qg6 Re8 29. Qc2 Qg7 30. Rh7 Qg5+ 31. f4 Qxg3 32. Qa4+ Kb6 33. Qxd7 Qe1+ 1/2-1/2

[Event "Auckland North Shore op 40th"]
[Site "Auckland"]
[Date "2013.09.15"]
[Round "5"]
[White "Stark, John"]
[Black "McCrone, Jeffrey"]
[Result "1-0"]
[WhiteElo "2138"]
[BlackElo "2087"]
[PlyCount "49"]
[EventDate "2013.09.14"]
[EventType "swiss"]
[EventRounds "5"]
[EventCountry "NZL"]
[SourceTitle "CBM 156 Extra"]
[Source "ChessBase"]
[SourceDate "2013.10.22"]
[SourceVersion "1"]
[SourceVersionDate "2013.10.22"]
[SourceQuality "1"]

1. e4 c5 2. Nf3 d6 3. d4 cxd4 4. Nxd4 Nf6 5. Nc3 g6 6. Be3 Bg7 7. f3 0-0 8. Qd2 a6 9. Bc4 b5 10. Bb3 Bb7 11. h4 Nc6 12. g4 h5 13. 0-0-0 Na5 14. gxh5 Nxb3+ 15. axb3 Nxh5 16. Bh6 Rc8 17. Rdg1 Qa5 18. Bxg7 Nxg7 19. h5 Rxc3 20. Qxc3 b4 21. Qe3 Nxh5 22. Nf5 Qa1+ 23. Kd2 Qxb2 24. Rxh5 Re8 25. Qd4 1-0